Quizzes
Events
Quiz Creation
Community
Videos
Private Events
Remove Ads
Sign In
Join for FREE
Feedback
Dark Mode
Quiz Categories
Sports
Geography
Music
Movies
Television
Just For Fun
Miscellaneous
History
Literature
Language
Science
Gaming
Entertainment
Religion
Holiday
For Kids
Quiz Lab
Recent
Popular Today
Quiz Kudos Today
Editor Picks
Curator Picks
Quizzes by...
Day
Popularity
Type
Ratings
Length
Year
Community
Subscriptions
Recent Discussions
Orange Saloon
Badges
Playlists
Quests
Create
Leaderboards
Showdown
Live 5
Trivia Bingo
Activity
Puzzle Library
Sporcle Events
Private Events
Virtual Trivia
Globe League
Become a Host
Pub Owners
SporcleCon
Opinionation
Our Games
Videos
Blog
Mobile Apps
Partnerships
Remove Ads and Go Orange
Feedback
Gaming
Video Games
Board Games
Card Games
Pokémon
Mario
Nintendo
Minecraft
Console
Toys
Legend of Zelda
Gaming
Video Games
Board Games
Card Games
Pokémon
Mario
Nintendo
Minecraft
Console
Toys
Legend of Zelda
Random Quiz
Search Sporcle
×
Quiz Lab
Quiz Lab
Gaming
Overwatch
Type in answers that appear in a list
Type in answers that appear in a list
Classic
Best Score? Go Orange.
Overwatch Hero Place of origin Stats
Can you name the Overwatch Hero Place of origin?
By
KingPing79
10m
25 Questions
192 Plays
192 Plays
192 Plays
Comments
Comments
Give Quiz Kudos
Give Quiz Kudos
-
- Ratings
hide this ad
Replay
Link that replays current quiz
Next Quiz
Link to next quiz in quiz playlist
You Got
0%
They Got
Avg Score
95%
Avg Friend Score
Upgrade to see
Score Distribution
Jump to the score distribution portion of the page
Score
0/25
Timer
10:00
0
Plays Today
Origin
Hero
% Correct
Oyo, Nigeria
Doomfist
97.9%
Hanamura, Japan
Genji
97.9%
Hanamura, Japan
Hanzo
97.9%
Giza, Egypt
Pharah
96.9%
Busan, South Korea
D.Va
96.9%
London, England
Tracer
96.4%
Junkertown, Australia
Junkrat
96.4%
Xi'an, China
Mei the Ice Demon
96.4%
Zurich, Switzerland
Mercy
96.4%
Annecy, France
Widowmaker
95.8%
Junkertown, Australia
Roadhog
95.8%
Cairo, Egypt
Ana
95.8%
Rio de Janeiro, Brazil
Lucio
95.8%
Origin
Hero
% Correct
Sante Fe, USA
McCree
95.3%
Bloomington, USA
Soldier 76
95.3%
Stuttgart, Germany
Reinhardt
95.3%
Krasnoyarsk Front, Russia
Zarya
95.3%
Shambali Monatsery, Nepal
Zenyatta
95.3%
Dorado, Mexico
Sombra
94.8%
Unknown (USA)
Reaper
93.8%
Gothenburg, Sweden
Torbjorn
93.8%
Numbani
Orisa
93.8%
Utopaea, India
Symmetra
93.8%
Watchpoint: Gibraltar
Winston
92.2%
Black Forest, Germany
Bastion
90.6%
Quiz Playlist
Details
Report
Send in Message
Add To Playlist
Classic:
Type in answers that appear in a list
Last Updated: Aug 29, 2017
Quiz Scoreboard
CHALLENGE
Sign Up to Join the Scoreboard
Show All
Scores
Hide
Comments
May contain spoilers
Recently Published
An Introduction to Baseball
by treessimontrees
Sports
5m
Movies - When Are They Set?
by FPL_Elf
Movies
5m
Popular People in 1961
by mucciniale
History
6m
More to Explore
Quiz From the Vault
Featured Blog Post
Where Did the Easter Bunny Come From?
hide this ad
You Might Also Like...
Tags
Overwatch
Today's Top Quizzes in Gaming
Browse Gaming
hide this ad
Today's Top Quizzes in Overwatch
Browse Overwatch
Top Contributed Quizzes in Gaming
1
Destiny 2 exotic weapons by perk icons
2
5-to-1: Consoles
3
Ultimate Genshin Impact Logic Puzzle (up to 4.3)
4
7-to-1: Board Game Piece Blitz
5
5-to-1: Legend of Zelda
6
Franchise by Action Figure
7
Who's on the WWE 2K24 Cover?
8
Windmill: Pokémon
9
Genshin Impact Logic Puzzle Quiz
10
Legendary or Exotic?
Explore More
Trending Topics
NBA
Anime
Marvel
Kpop
Crossword
Harry Potter
Disney
NFL
The Office
Pokémon
Song
Puzzle
Country
Soccer
WWE
hide this ad
More By:
KingPing79
Quiz
Plays
Rating
Category
Featured
Created
Overwatch Hero Quiz
305
4.00
Gaming
Aug 29, 2017
Name The Countries of Overwatch Heroes
258
5.00
Gaming
Aug 29, 2017
Overwatch Hero Place of origin
192
Gaming
Aug 29, 2017
2019 NHL Draft Round 1
192
4.00
Sports
Aug 13, 2019
Rainbow Six Siege ops by hometown
111
Gaming
May 11, 2018
Go to Creator's Profile
Score Distribution
Quiz Creator Spotlight
KingPing79
Follow
Send a Message
Quizzes Created
-
Created Quiz Play Count
-
More By This Creator
Popular Quizzes Today
1
Find the Countries of Europe - No Outlines Minefield
2
Find the US States - No Outlines Minefield
3
The Countries of the World
4
Popular People in 1961
5
US States
6
Find the US States
7
1-10 Letter E Words III
8
Risky Map Clicking: Biggest States A-Z
More Gaming Quizzes
Danganronpa: Four Dark Devas of Destruction
Quiz Lab
Trending Quizzes
Risky Map Clicking: Least Populous States A-Z
1-10 Letter F Words
1-10 Letter G Words
One Thing in Common: United Kingdom
Not Quite an Element Typing Challenge
Recently Updated
Leaping Animals
pecheneg
Reality TV Shows (A-Z)
bhenderson79
Rickey Henderson's Hall of Fame Teammates
pecheneg
Champions League XIs: Arsenal
pecheneg
Quick Pick: Celebrities in WWE's Hall of Fame
aduchscher
A-Z Keypad Blitz II
pecheneg
Multiple Oscar Actors
pecheneg
Mystery Phrase Blitz: Oscar 'Best Actors'
pecheneg
F. Scott Fitzgerald Novels
LTH
Pick 3 Villains
ddd62291
Trending Topics
Crossword
Marvel
NBA
Kpop
Disney
Anime
Harry Potter
NFL
Pokémon
Soccer
WWE
Country
Song
Puzzle
The Office
Your Account Isn't Verified!
In order to create a playlist on Sporcle, you need to verify the email address you used during registration. Go to your
Sporcle Settings
to finish the process.
Report this User
Report this user for behavior that violates our
Community Guidelines
.
Details:
Send Report
Go to the Sporcle.com Mobile Site →
Comments